<?xml version="1.0" encoding="UTF-8"?>
<record
    xmlns:xsi="http://www.w3.org/2001/XMLSchema-instance"
    xsi:schemaLocation="http://www.loc.gov/MARC21/slim http://www.loc.gov/standards/marcxml/schema/MARC21slim.xsd"
    xmlns="http://www.loc.gov/MARC21/slim">

  <leader>00873nam0a2200277   4500</leader>
  <controlfield tag="001">RU\NLR\b_ik\113934</controlfield>
  <controlfield tag="005">20250616225405.0</controlfield>
  <datafield tag="010" ind1=" " ind2=" ">
    <subfield code="a">5-9542-0018-1</subfield>
    <subfield code="9">2500</subfield>
  </datafield>
  <datafield tag="035" ind1=" " ind2=" ">
    <subfield code="a">(NLR Aleph) 002187599</subfield>
  </datafield>
  <datafield tag="090" ind1=" " ind2=" ">
    <subfield code="a">2867954</subfield>
    <subfield code="c">2867954</subfield>
  </datafield>
  <datafield tag="100" ind1=" " ind2=" ">
    <subfield code="a">20040624d2003    |||y0rusy50      ca</subfield>
  </datafield>
  <datafield tag="101" ind1="0" ind2=" ">
    <subfield code="a">eng</subfield>
  </datafield>
  <datafield tag="102" ind1=" " ind2=" ">
    <subfield code="a">RU</subfield>
  </datafield>
  <datafield tag="105" ind1=" " ind2=" ">
    <subfield code="a">a   |||||||||</subfield>
  </datafield>
  <datafield tag="200" ind1="1" ind2=" ">
    <subfield code="a">Fantastic Mr Fox</subfield>
    <subfield code="f">Roald Dahl</subfield>
  </datafield>
  <datafield tag="210" ind1=" " ind2=" ">
    <subfield code="a">M.</subfield>
    <subfield code="c">Jupiter-inter</subfield>
    <subfield code="d">2003</subfield>
  </datafield>
  <datafield tag="215" ind1=" " ind2=" ">
    <subfield code="a">82, [1] &#x441;.</subfield>
    <subfield code="c">&#x438;&#x43B;.</subfield>
    <subfield code="d">17</subfield>
  </datafield>
  <datafield tag="225" ind1="1" ind2=" ">
    <subfield code="a">&#x41A;&#x43B;&#x430;&#x441;&#x441;&#x438;&#x43A;&#x438; &#x432; &#x43E;&#x440;&#x438;&#x433;&#x438;&#x43D;&#x430;&#x43B;&#x435;</subfield>
    <subfield code="i">English</subfield>
  </datafield>
  <datafield tag="606" ind1="0" ind2=" ">
    <subfield code="a">&#x410;&#x43D;&#x433;&#x43B;&#x438;&#x439;&#x441;&#x43A;&#x438;&#x439; &#x44F;&#x437;&#x44B;&#x43A;</subfield>
    <subfield code="j">&#x423;&#x447;&#x435;&#x431;&#x43D;&#x44B;&#x435; &#x438;&#x437;&#x434;&#x430;&#x43D;&#x438;&#x44F;</subfield>
    <subfield code="9">972309</subfield>
    <subfield code="3">RU\NLR\AUTH\6646032</subfield>
  </datafield>
  <datafield tag="686" ind1="4" ind2=" ">
    <subfield code="a">&#x428;6(4&#x412;&#x43B;)62-440.4{&#x41B;&#x445;1299-50}</subfield>
  </datafield>
  <datafield tag="686" ind1="4" ind2=" ">
    <subfield code="a">&#x428;143.21-93&#x440;&#x443;&#x441;91</subfield>
  </datafield>
  <datafield tag="700" ind1=" " ind2="1">
    <subfield code="a">Dahl</subfield>
    <subfield code="b">R.</subfield>
    <subfield code="f">1916-</subfield>
    <subfield code="g">Roald</subfield>
    <subfield code="4">070</subfield>
  </datafield>
  <datafield tag="801" ind1=" " ind2="0">
    <subfield code="a">RU</subfield>
    <subfield code="b">NLR</subfield>
    <subfield code="c">20040624</subfield>
    <subfield code="g">PSBO</subfield>
  </datafield>
  <datafield tag="942" ind1=" " ind2=" ">
    <subfield code="c">BOOK</subfield>
  </datafield>
  <datafield tag="980" ind1=" " ind2=" ">
    <subfield code="a">NB</subfield>
  </datafield>
  <datafield tag="995" ind1=" " ind2=" ">
    <subfield code="5">2004-06-24</subfield>
    <subfield code="a">ad</subfield>
    <subfield code="b">NLR01</subfield>
    <subfield code="c">NLR01</subfield>
    <subfield code="e">IF</subfield>
    <subfield code="f">1025328</subfield>
    <subfield code="k">&#x418;&#x43A; 2004-2/157</subfield>
    <subfield code="o">0</subfield>
    <subfield code="r">BOOK</subfield>
    <subfield code="s">_20042157</subfield>
    <subfield code="u"> ;  </subfield>
  </datafield>
</record>
